000 00328pab a2200157 454500
008 180718b2012 xxu||||| |||| 00| 0 eng d
100 _aRajamani, R.C.
245 _aMarch of democracy
260 _c2012
300 _ap.16-19.
362 _aAug
650 _aDemocracy
773 _aYojana
908 _aN
909 _a97419
999 _c97419
_d97419